000
00318nam a22001337a 4500
020
_a
9789381141311
082
_a
620.1
_b
RAM.EN
100
_a
Ramamurty, G
245
_a
Engineering mechanics
250
_a
2nd
260
_a
New Delhi
_b
I.K International Publishing House Pvt. Ltd
_c
2011
300
_a
446
942
_c
BK
999
_c
13657
_d
13657